书目信息 |
| 题名: |
销售心理学
|
|
| 作者: | 宋璐璐 著 | |
| 分册: | ||
| 出版信息: | 北京 民主与建设出版社 2016 |
|
| 页数: | 246页 | |
| 开本: | 24cm | |
| 丛书名: | ||
| 单 册: | ||
| 中图分类: | F713.55 | |
| 科图分类: | ||
| 主题词: | 销售--商业心理学 | |
| 电子资源: | ||
| ISBN: | 978-7-5139-1095-8 | |
| 000 | 00902nam0 2200253 450 | |
| 001 | 012001000866 | |
| 005 | 20140920091302.0 | |
| 010 | @a978-7-5139-1095-8@dCNY30.00 | |
| 100 | @a20161019d2016 em y0chiy50 ea | |
| 101 | 0 | @achi |
| 102 | @aCN@b110000 | |
| 105 | @ay z 000yy | |
| 106 | @ar | |
| 200 | 1 | @a销售心理学@9Xiao Shou Xin Li Xue@dSales psychology@e把任何东西卖给任何人@f宋璐璐著@zeng |
| 210 | @a北京@c民主与建设出版社@d2016 | |
| 215 | @a246页@d24cm | |
| 330 | @a本书论述销售心理学基本知识,内容包括摆正自己的心态、先让客户相信你、拉近与顾客的距离、掌控客户的心理、让客户感到好奇、排除顾客的异议心理等。 | |
| 510 | 1 | @aSales psychology@zeng |
| 517 | 1 | @a把任何东西卖给任何人@9Ba Ren He Dong Xi Mai Gei Ren He Ren |
| 606 | 0 | @a销售@x商业心理学 |
| 690 | @aF713.55@v5 | |
| 701 | 0 | @a宋璐璐@9Song Lu Lu@4著 |
| 801 | 0 | @aCN@b上海新华@c20180901 |
| 905 | @b1042400-04@dF713.55@e1027@f5 | |
| 销售心理学=Sales psychology:把任何东西卖给任何人/宋璐璐著.-北京:民主与建设出版社,2016 |
| 246页;24cm |
| ISBN 978-7-5139-1095-8:CNY30.00 |
| 本书论述销售心理学基本知识,内容包括摆正自己的心态、先让客户相信你、拉近与顾客的距离、掌控客户的心理、让客户感到好奇、排除顾客的异议心理等。 |
| ● |
| 相关链接 |
|
|
|
|
正题名:销售心理学
索取号:F713.55/1027
 
预约/预借
| 序号 | 登录号 | 条形码 | 馆藏地/架位号 | 状态 | 备注 |
| 1 | 1042400 | 210424003 | 第一样本阅览室/ [索取号:F713.55/1027] | 在馆 | |
| 2 | 1042401 | 210424012 | 密集书库-海洋学院/ [索取号:F713.55/1027] | 在馆 | |
| 3 | 1042402 | 210424021 | 第一借阅区/ [索取号:F713.55/1027] | 在馆 | |
| 4 | 1042403 | 210424030 | 第一借阅区/ [索取号:F713.55/1027] | 在馆 | |
| 5 | 1042404 | 210424049 | 第一借阅区/ [索取号:F713.55/1027] | 在馆 |